| 000 | 00689nam a2200217 i 4500 | ||
|---|---|---|---|
| 001 | 14293 | ||
| 003 | ES-MaACL | ||
| 005 | 20230906150751.0 | ||
| 007 | t| | ||
| 008 | 981204s1942 xxu ||||1| eng d | ||
| 080 | _a626.1(728.7 P.) | ||
| 080 | _a929 Goethals, George Washington | ||
| 100 | 1 |
_aFast, Howard. _948923 |
|
| 245 | 1 | 0 |
_aGoethals and the Panama canal / _cby Howard Fast ; illustrations by Fafaello Busoni. |
| 260 |
_aNew York : _bJulian Messner, _c[1942] |
||
| 300 |
_aXIII, 230 p. : _bil. ; _c24 cm. |
||
| 600 | 1 | 4 |
_aGoethals, George Washington. _957567 |
| 651 | 4 |
_aCanal de Panamá. _97941 |
|
| 700 | 1 |
_aBusoni, Rafaello. _932829 |
|
| 852 |
_aES-MaACL _jL-21513 _bR.119515 |
||
| 999 |
_c14293 _d14293 |
||